000 01328nam a2200361 i 4500
001 57387
003 CO-BoRNBP
005 20250625143324.0
007 ta
008 160801s2008 sp a br 000 j spa d
020 _a9788434820821
040 _aCO-BoRNBP
_bspa
_erda
_cCO-BoRNBP
041 0 _aspa
_hger
043 _ae-au---
084 _aC NOS1
100 1 _aNöstlinger, Christine
_d1936-
_eautora
_9308
245 1 0 _aQuerida abuela... tu Susi
_cChristine Nöstlinger ; ilustraciones de Christine Nostlinger Jr. ; traducción de Marinella Terzi
250 _aVigésimo novena edición
264 1 _aMadrid, España
_bEdiciones S.M.
_c2008
300 _a91 páginas
_bilustraciones a color
_c19 cm
336 _atexto
_btxt
_2rdacontent
337 _asin mediación
_bn
_2rdamedia
338 _avolumen
_bnc
_2rdacarrier
521 1 _aRecomendado para un público infantil mayor de 6 años.
650 0 4 _aAutores austriacos
_2LEMB
_960535
650 0 0 _aCuentos infantiles austríacos
_ySiglo XX
_2LEMB
_960536
650 0 0 _aLiteratura infantil austriaca
_ySiglo XX
_2LEMB
_9312
650 0 7 _aVacaciones en la literatura
_2LEMB
_9889
650 0 7 _aAbuelos en la literatura
_2LEMB
_960537
700 1 _aNèostlinger, Christine Jr.
_eilustradora
_960538
700 1 _aTerzi, Marinella
_etraductora
_960539
942 _2loc
_cBKINF
999 _c57387
_d57387